000 00644nam a2200193 i 4500
001 64891
003 ES-MaACL
005 20251001204325.0
007 t|
008 040107s1963 sp ||||1| spa d
100 1 _aForteza Bover, G.
_951862
245 1 0 _aAtlas de citología sanguinea /
_cpor G. Forteza Bover ; con la colaboración de R. Báguena Candela ; prólogo de P. Farreras Valentí.
250 _a[1ª ed.].
260 _aBarcelona :
_bToray,
_c1963.
300 _aXXII, 530 p., 169 lám. ;
_c28 cm.
700 1 _aFarreras Valentí, Pedro,
_d1916-1968
_948899
852 _aES-MaACL
_jC-23590
_bR.52554
999 _c64891
_d64891